Letter frequencies - Statistics

General Stats
  • This quiz has been taken 25 times
  • The average score is 13 of 26
Answer Stats
Frequency Scrabble score Letter % Correct
11.1607% 1 E
100%
8.4966% 1 A
94%
7.5448% 1 I
81%
7.5809% 1 R
81%
7.1635% 1 O
75%
6.9509% 1 T
75%
6.6544% 1 N
63%
5.7351% 1 S
63%
4.5388% 3 C
56%
5.4893% 1 L
56%
3.6308% 1 U
50%
3.0129% 3 M
44%
0.1962% 10 Q
44%
3.3844% 2 D
38%
3.0034% 4 H
38%
3.1671% 3 P
38%
0.2902% 8 X
38%
0.2722% 10 Z
38%
2.4705% 2 G
31%
0.1965% 8 J
31%
2.0720% 3 B
25%
1.8121% 4 F
25%
1.1016% 5 K
25%
1.2899% 4 W
25%
1.7779% 4 Y
25%
1.0074% 4 V
19%
No matching quizzes found
Score Distribution
Percent of People with Each Score
Percentile by Number Answered
Your Score History
You have not taken this quiz